000 00537nam a2200181 a 4500
001 14208
003 CO-ViMGA
008 141112s2004 ck r 000 u spa d
020 _a05200780012
040 _aCO-ViMGA
_bspa
_cCO-ViMGA
082 0 4 _a350.00722 B179a
100 1 _aBarzelay, Michael
_920779
245 1 0 _aAtravesando la burocracia :
_buna nueva perspectiva de la administracion publica
260 _aMexico :
_bFondo de Cultura Economica,
_c1998
300 _a249
650 1 4 _aADMINISTRACION PUBLICA
_951587
942 _2ddc
_cBK
999 _c24907
_d24907